Intensificación y perspectivismo lingüístico en la elaboración de un ejemplo de "El conde Lucanor" : (Record no. 185902)

MARC details
000 -LEADER
campo de control de longitud fija 00719nam a2200181 i 4500
001 - NÚMERO DE CONTROL
campo de control 185902
003 - IDENTIFICADOR DE NÚMERO DE CONTROL
campo de control ES-MaACL
005 - FECHA Y HORA DE LA ÚLTIMA TRANSACCIÓN
campo de control 20230906222537.0
008 - DATOS DE LONGITUD FIJA--INFORMACIÓN GENERAL
campo de control de longitud fija 160822s1974 sp |||| | spa d
100 0# - ENTRADA PRINCIPAL--NOMBRE DE PERSONA
Nombre de persona Muñoz Cortés, Manuel.
9 (RLIN) 84379
245 10 - MENCIÓN DEL TÍTULO
Título Intensificación y perspectivismo lingüístico en la elaboración de un ejemplo de "El conde Lucanor" :
Resto del título (un estudio de lingüística del texto) /
Mención de responsabilidad, etc. por Manuel Muñoz Cortes.
260 ## - PUBLICACIÓN, DISTRIBUCIÓN, ETC.
Lugar de publicación, distribución, etc. [Murcia :
Nombre del editor, distribuidor, etc. s.n.],
Fecha de publicación, distribución, etc. 1974.
300 ## - DESCRIPCIÓN FÍSICA
Extensión 29 h. ;
Dimensiones 22 cm.
500 ## - NOTA GENERAL
Nota general Separata de: Estudios literarios dedicados al prof. Mariano Baquero Goyanes.
594 ## - Nota al título y mención de responsabilidad
Nota al título y mención de responsabilidad Datos tomados de la cub.
600 04 - PUNTO DE ACCESO ADICIONAL DE MATERIA--NOMBRE DE PERSONA
Nombre de persona Juan Manuel, Don (
Fechas asociadas al nombre 1282-1348)
9 (RLIN) 174238
852 ## - LOCALIZACIÓN
Ubicación ES-MaACL
Número de control de estantería 2095-F-13
Holdings
Estatus retirado Estado de pérdida Estado de daño No para préstamo Colección Biblioteca de origen Biblioteca actual Ubicación en estantería Fecha de adquisición Fuente de adquisición Total de préstamos Signatura topográfica completa Código de barras Visto por última vez Precio de reemplazo Tipo de ítem Koha
        Colección de folletos Biblioteca del Ateneo de Madrid Biblioteca del Ateneo de Madrid Depósito folletos 22/08/2016     2095-F-13 1195978 23/02/2023 23/02/2023 Folleto